ბათუმის შოთა რუსთაველის სახელმწიფო უნივერსიტეტის ბიბლიოთეკა

Алгебра и теория чисел. ч.3 (ბიბ.ჩანაწერი № 40493)

000 -LEADER
fixed length control field 00508nam a2200193Ia 4500
001 - CONTROL NUMBER
control field 7104
003 - CONTROL NUMBER IDENTIFIER
control field GE_BSU
008 - FIXED-LENGTH DATA ELEMENTS--GENERAL INFORMATION
fixed length control field 181216s||||||||xx |||||||||||||| ||und||
040 ## - CATALOGING SOURCE
Transcribing agency GE_BSU
080 ## - UNIVERSAL DECIMAL CLASSIFICATION NUMBER
Universal Decimal Classification number 512
245 ## - TITLE STATEMENT
Title Алгебра и теория чисел. ч.3
245 ## - TITLE STATEMENT
Statement of responsibility, etc. Под ред. Н.Я. Виленкина
260 ## - PUBLICATION, DISTRIBUTION, ETC.
Place of publication, distribution, etc. Москва
260 ## - PUBLICATION, DISTRIBUTION, ETC.
Name of publisher, distributor, etc. Просвещение
260 ## - PUBLICATION, DISTRIBUTION, ETC.
Date of publication, distribution, etc. 1974
300 ## - PHYSICAL DESCRIPTION
Extent 198стр.22см.
653 ## - INDEX TERM--UNCONTROLLED
Uncontrolled term Алгебра и теория чисел
942 ## - ADDED ENTRY ELEMENTS (KOHA)
Koha item type წიგნი
ეგზემპლარები
Withdrawn status Lost status Damaged status Not for loan Date acquired Barcode Date last seen Price effective from Koha item type
        2018-12-17 16897 2018-12-17 2018-12-17 წიგნი